000 00723nam a22002297a 4500
003 OSt
005 20260306063958.0
008 260306b |||||||| |||| 00| 0 eng d
020 _a978-621-406-394-9
040 _aDWCL-Main lib
_cOC
082 _aFil. 658.4012 S898 2025
100 _aGapasin, Willy O.
245 _aStrategic management:
_bPhilippine business landscape
_cWilly O. Gapasin
260 _aManila, Philippines:
_bMindshapers,
_cc2025.
300 _aviii, 195 pages;
_c25 cm.
504 _aIncludes bibliographical references.
650 _a1. Strategic planning.
700 _aLomel G. Pinca
700 _aJhon Ven Saint L. Pasahol
700 _aEvan John S. Magno
942 _2ddc
_cBK - FIL
_kFil.
_n0
999 _c8712
_d8712